Normal view
MARC view
- الخصاونة، عاكف لطفي ، م.مشارك: بسام محمد ابو خضير، محمد نايف العياصرة
Entry Personal Name
001 - CONTROL NUMBER
- control field: 57449
003 - CONTROL NUMBER IDENTIFIER
- control field: JO-AjAnu
005 - DATE AND TIME OF LATEST TRANSACTION
- control field: 20230606083416.0
008 - FIXED-LENGTH DATA ELEMENTS
- fixed length control field: 230606|| aca||aabn | a|a d
040 ## - CATALOGING SOURCE
- Original cataloging agency: JO-AjAnu
- Transcribing agency: JO-AjAnu
100 ## - HEADING--PERSONAL NAME
- Personal name: الخصاونة، عاكف لطفي ، م.مشارك: بسام محمد ابو خضير، محمد نايف العياصرة
670 ## - SOURCE DATA FOUND
- Source citation: Work cat.: (JO-AjAnu)29315: الخصاونة، عاكف لطفي ، م.مشارك: بسام محمد ابو خضير، محمد نايف العياصرة, author, إدارة الموارد البشرية = Human Resources Management